000 00687nam a2200241 a 4500
001 57756
003 BD-RJUL
005 20211209080541.0
008 161211s1988 ii b 001 0 eng d
035 _aBD-RJUL 57880
040 _aDLC
_cDLC
_beng
041 _aeng
082 _a305.40954
_223
_bCHI 1988
100 1 _aChatterji, Shoma A.
_9171521
245 1 4 _aThe Indian women's search for an identity /
_cShoma A. Chatterji
260 _aNew Delhi :
_bVikas Pub. House,
_cc1988.
300 _axiii, 261 p. ;
_c22 cm.
500 _aIncludes index.
504 _aBibliography: p. [253]-256.
650 0 _aWomen
_zIndia
_9171522
942 _2ddc
_cBK
999 _c57756
_d57756